MARC details
| 000 -LEADER |
| fixed length control field |
02671namaa2200661uu 4500 |
| 001 - CONTROL NUMBER |
| control field |
doab135912 |
| 003 - CONTROL NUMBER IDENTIFIER |
| control field |
oapen |
| 005 - DATE AND TIME OF LATEST TRANSACTION |
| control field |
20260218110455.0 |
| 006 - FIXED-LENGTH DATA ELEMENTS--ADDITIONAL MATERIAL CHARACTERISTICS |
| fixed length control field |
m o d |
| 007 - PHYSICAL DESCRIPTION FIXED FIELD--GENERAL INFORMATION |
| fixed length control field |
cr|mn|---annan |
| 008 - FIXED-LENGTH DATA ELEMENTS--GENERAL INFORMATION |
| fixed length control field |
240322s2024 xx |||||o ||| 0|eng d |
| 020 ## - INTERNATIONAL STANDARD BOOK NUMBER |
| International Standard Book Number |
0184 |
| 020 ## - INTERNATIONAL STANDARD BOOK NUMBER |
| International Standard Book Number |
9783957960184 |
| 020 ## - INTERNATIONAL STANDARD BOOK NUMBER |
| International Standard Book Number |
9783957960191 |
| 024 7# - OTHER STANDARD IDENTIFIER |
| Standard number or code |
10.14619/0184 |
| Source of number or code |
doi |
| 040 ## - CATALOGING SOURCE |
| Original cataloging agency |
oapen |
| Transcribing agency |
oapen |
| Modifying agency |
|
| 041 0# - LANGUAGE CODE |
| Language code of text/sound track or separate title |
eng |
| 042 ## - AUTHENTICATION CODE |
| Authentication code |
dc |
| 245 00 - TITLE STATEMENT |
| Title |
Serge Daney and Queer Cinephilia |
| 260 ## - PUBLICATION, DISTRIBUTION, ETC. |
| Place of publication, distribution, etc. |
Lüneburg |
| Name of publisher, distributor, etc. |
meson press |
| Date of publication, distribution, etc. |
2024 |
| 300 ## - PHYSICAL DESCRIPTION |
| Extent |
1 online resource (310 p.) |
| 336 ## - CONTENT TYPE |
| Content type term |
text |
| Content type code |
txt |
| Source |
rdacontent |
| 337 ## - MEDIA TYPE |
| Media type term |
computer |
| Media type code |
c |
| Source |
rdamedia |
| 338 ## - CARRIER TYPE |
| Carrier type term |
online resource |
| Carrier type code |
cr |
| Source |
rdacarrier |
| 490 1# - SERIES STATEMENT |
| Series statement |
Configurations of Film |
| 506 0# - RESTRICTIONS ON ACCESS NOTE |
| Standardized terminology for access restriction |
Unrestricted online access |
| Source of term |
star |
| 520 ## - SUMMARY, ETC. |
| Summary, etc. |
French critic Serge Daney was a central figure in film, television and media criticism of the second half of the twentieth century. He died of AIDS in 1992, just as the concept of queer cinema entered international film studies and just before the start of the digital era that has transformed film culture. This collection of new essays investigates the legacy of Daney's work alongside considerations of feminist, queer and digital cinephilia and contemporary practices of film curation. |
| 536 ## - FUNDING INFORMATION NOTE |
| Text of note |
Deutsche Forschungsgemeinschaft |
| 540 ## - TERMS GOVERNING USE AND REPRODUCTION NOTE |
| Terms governing use and reproduction |
Creative Commons |
| -- |
https://creativecommons.org/licenses/by-sa/4.0/ |
| -- |
cc |
| Uniform Resource Identifier |
<a href="https://creativecommons.org/licenses/by-sa/4.0/">https://creativecommons.org/licenses/by-sa/4.0/</a> |
| 546 ## - LANGUAGE NOTE |
| Language note |
English |
| 650 #7 - SUBJECT ADDED ENTRY--TOPICAL TERM |
| Topical term or geographic name entry element |
Archiving, preservation & digitisation |
| Source of heading or term |
bicssc |
| 650 #7 - SUBJECT ADDED ENTRY--TOPICAL TERM |
| Topical term or geographic name entry element |
Film theory & criticism |
| Source of heading or term |
bicssc |
| 650 #7 - SUBJECT ADDED ENTRY--TOPICAL TERM |
| Topical term or geographic name entry element |
Media studies |
| Source of heading or term |
bicssc |
| 650 #7 - SUBJECT ADDED ENTRY--TOPICAL TERM |
| Topical term or geographic name entry element |
Television |
| Source of heading or term |
bicssc |
| 720 1# - ADDED ENTRY--UNCONTROLLED NAME |
| Name |
Allouche, Claire |
| Relator code |
aut |
| 720 1# - ADDED ENTRY--UNCONTROLLED NAME |
| Name |
Bellour, Raymond |
| Relator code |
aut |
| 720 1# - ADDED ENTRY--UNCONTROLLED NAME |
| Name |
Delmas, Mélina |
| Relator code |
aut |
| 720 1# - ADDED ENTRY--UNCONTROLLED NAME |
| Name |
Dowd, Garin |
| Relator code |
aut |
| 720 1# - ADDED ENTRY--UNCONTROLLED NAME |
| Name |
Eugène, Pierre |
| Relator code |
edt |
| 720 1# - ADDED ENTRY--UNCONTROLLED NAME |
| Name |
Eugène, Pierre |
| Relator code |
oth |
| 720 1# - ADDED ENTRY--UNCONTROLLED NAME |
| Name |
Galibert-Laîné, Chloé |
| Relator code |
aut |
| 720 1# - ADDED ENTRY--UNCONTROLLED NAME |
| Name |
Heath, Theresa |
| Relator code |
aut |
| 720 1# - ADDED ENTRY--UNCONTROLLED NAME |
| Name |
Inzerillo, Andrea |
| Relator code |
aut |
| 720 1# - ADDED ENTRY--UNCONTROLLED NAME |
| Name |
Joubert-Laurencin, Hervé |
| Relator code |
aut |
| 720 1# - ADDED ENTRY--UNCONTROLLED NAME |
| Name |
Keidl, Philipp Dominik |
| Relator code |
aut |
| 720 1# - ADDED ENTRY--UNCONTROLLED NAME |
| Name |
Mayer, So |
| Relator code |
aut |
| 720 1# - ADDED ENTRY--UNCONTROLLED NAME |
| Name |
Pageau, Simon |
| Relator code |
aut |
| 720 1# - ADDED ENTRY--UNCONTROLLED NAME |
| Name |
Pierre-Ulmann, Sylvie |
| Relator code |
aut |
| 720 1# - ADDED ENTRY--UNCONTROLLED NAME |
| Name |
Pourvali, Bamchade |
| Relator code |
aut |
| 720 1# - ADDED ENTRY--UNCONTROLLED NAME |
| Name |
Robertson, Selina |
| Relator code |
aut |
| 720 1# - ADDED ENTRY--UNCONTROLLED NAME |
| Name |
Rollet, Patrice |
| Relator code |
aut |
| 720 1# - ADDED ENTRY--UNCONTROLLED NAME |
| Name |
Siegel, Marc |
| Relator code |
edt |
| 720 1# - ADDED ENTRY--UNCONTROLLED NAME |
| Name |
Siegel, Marc |
| Relator code |
oth |
| 720 1# - ADDED ENTRY--UNCONTROLLED NAME |
| Name |
Uzal, Marcos |
| Relator code |
aut |
| 793 0# - |
| -- |
DOAB Library. |
| 856 ## - ELECTRONIC LOCATION AND ACCESS |
| Uniform Resource Identifier |
<a href="https://docs.google.com/spreadsheets/d/1yKIrdCPDAG_9c22mwoOIO2DOhtj65Wqa/edit?usp=sharing&ouid=106555315294820607512&rtpof=true&sd=true ">https://docs.google.com/spreadsheets/d/1yKIrdCPDAG_9c22mwoOIO2DOhtj65Wqa/edit?usp=sharing&ouid=106555315294820607512&rtpof=true&sd=true </a> |
| Link text |
List of Curated E-Books |
| 942 ## - ADDED ENTRY ELEMENTS (KOHA) |
| Koha item type |
E-Book |